书目信息 |
| 题名: |
远山的回响
|
|
| 作者: | 张军 主编 ;中央人民广播电台 编著 | |
| 分册: | ||
| 出版信息: | 北京 中华书局 2024.09 |
|
| 页数: | 298页 | |
| 开本: | 22cm | |
| 丛书名: | ||
| 单 册: | ||
| 中图分类: | I253 | |
| 科图分类: | ||
| 主题词: | 新闻报道--作品集--中国--当代 | |
| 电子资源: | ||
| ISBN: | 978-7-101-16727-6 | |
| 000 | 00815nam0 2200241 450 | |
| 001 | 012736831 | |
| 005 | 20251022133347.83 | |
| 010 | @a978-7-101-16727-6@dCNY68.00 | |
| 100 | @a20240902d2024 em y0chiy0120 ea | |
| 101 | 0 | @achi |
| 102 | @aCN@b110000 | |
| 105 | @aa z 000zy | |
| 106 | @ar | |
| 200 | 1 | @a远山的回响@9yuan shan de hui xiang@e谱写新时代的山乡巨变@f央广网编著 |
| 210 | @a北京@c中华书局@d2024.09 | |
| 215 | @a298页@c图@d22cm | |
| 330 | @a本书内容有第一季生计有保障,日子有盼头;第二季要有奋斗的精气神儿;第三季山乡自有山乡的美。 | |
| 606 | 0 | @a新闻报道@x作品集@y中国@z当代 |
| 690 | @aI253@v5 | |
| 701 | 0 | @a张军@9zhang jun@4主编 |
| 712 | 02 | @a中央人民广播电台@9zhong yang ren min guang bo dian tai@b中国广播网@4编著 |
| 801 | 0 | @aCN@c20250909 |
| 905 | @a河南城建学院图书馆@dI253@eZ125@ZZ125@f1 | |
| 远山的回响:谱写新时代的山乡巨变/央广网编著.-北京:中华书局,2024.09 |
| 298页:图;22cm |
| ISBN 978-7-101-16727-6:CNY68.00 |
| 本书内容有第一季生计有保障,日子有盼头;第二季要有奋斗的精气神儿;第三季山乡自有山乡的美。 |
| ● |
| 相关链接 |
|
|
|
正题名:远山的回响
索取号:I253/Z125
 
预约/预借
| 序号 | 登录号 | 条形码 | 馆藏地/架位号 | 状态 | 备注 |
| 1 | 1632112 | 216321120 | 文学库108/108文学库 67排5列5层/ [索取号:I253/Z125] | 在馆 |